000 00623nam a22002177a 4500
003 UA-OsUOA
001 96466
007 ta
008 20130319b un ||||| |||| 00| 0 ukr d
100 _aМаньківська Т.О.
090 _a94(477)
_bМ24
942 _cSA
040 _aUA-OsUOA
_bukr
_cUA-OsUOA
_dUA-OsUOA
245 _aУкраїнізація шкіл і вчительство на Слобожанщині у 1917-1918 роках
300 _aС.41-46
955 _a0
041 _aukr
080 _a94(477)
773 0 _w96462
650 7 _a9 Географія. Біографії. Історія
_2UDC
999 _c382724
_d382724